1565 1752 1828 1745 1449 1439 1562 1598 1080 1873 1261 1676 1225 1878 1074 1009 1446 1923 1118 1055 1522 1258 1532 1852 1953 1080 1548 1830 1863 1885 1373 1576 1655 1091 1165 1340 1642 1772 1454 1786 1347 1620 1623 1668 1157 1423 1446 1348 1497 1874 1587 1350 1813 1403 1745 1673 1054 1987 1742 1163 1207 1428 1585 1753 1215 1745 1842 1031 1216 1921 1622 1052 1886 1354 1695 1525 1103 1554 1729 1770 1935 1747 1609 1430 1212 1786 1944 1511 1879 1456 1382 1475 1935 1173 1336 1608 1457 1046 1132 BCNSPRNW ULIB Ver.6.0+V

เปลี่ยนเป็นภาษาไทย

Change to English
 แสดงรายละเอียดบรรณานุกรม
  กลับหน้าหลัก

Brief Record : Get Marc (ISO 2709) : E-mail record : QR code < ปิดหน้าต่าง
LEADER : 00000nam 2200000uu 4500
001    13399128140
003     ULIB
008    220718s2564||||th 000 0 tha d
020    ^a9786165863681
050  4 ^aQA278.3^bอ755ก
100 0  ^aอิศรัฏฐ์ รินไธสง
245 10 ^aการวิเคราะห์โมเดลสมการโครงสร้างสำหรับการวิจัยทางพฤติกรรมศาสตร์และสังคมศาสตร์ =^bStructural equation modeling for Behavioral and Social Sciences Research /^cอิศรัฏฐ์ รินไธสง
246 31 ^aStructural equation modeling for Behavioral and Social Sciences Research
250    ^aพิมพ์ครั้งที่ 2(แก้ไขปรับปรุง)
260    ^aกรุงเทพฯ :^bนีโอพ้อยด์(1995),^c2564
300    ^a199 หน้า :^bภาพประกอบ ;^c21 ซม.
650  0 ^aStructural equation modeling
650  4 ^aแบบจำลองสมการโครงสร้าง
945    ^p400^l0^i009092
945    ^p400^l0^i009093
945    ^p400^l0^i009094
945    ^p400^l0^i009095
945    ^p400^l0^i009096
945    ^p400^l0^i009097
945    ^p400^l0^i009098
945    ^p400^l0^i009099
945    ^p400^l0^i009100
945    ^p400^l0^i009101
999    ^aประนอม เกษจรัล
รายการนี้ยังไม่มีแท็ก
คุณยังไม่ได้ล็อกอิน คุณสามารถมีกิจกรรมร่วมกับเว็บไซต์ได้ แต่ต้องล็อกอินก่อน ::
  ล็อกอิน

รายการสื่อสารสนเทศ

ลำดับที่ ประเภท เลขเรียก/บาร์โค้ด สถานที่ สถานะ
1. การศึกษาทั่วไป
หนังสือสำรอง
สถานะ=หนังสือสำรอง
QA278.3 อ755ก ฉ.1 
  Barcode: 009092
ห้องสมุดวิทยาเขตสวรรค์ประชารักษ์
►หนังสือทั่วไป
ถูกยืม กำหนดส่งวันที่ 17 มีนาคม 2568
  จอง
2. การศึกษาทั่วไป
การศึกษาทั่วไป
QA278.3 อ755ก ฉ.10 
  Barcode: 009101
ห้องสมุดวิทยาเขตสวรรค์ประชารักษ์
►หนังสือทั่วไป
บนชั้น
3. การศึกษาทั่วไป
การศึกษาทั่วไป
QA278.3 อ755ก ฉ.2 
  Barcode: 009093
ห้องสมุดวิทยาเขตสวรรค์ประชารักษ์
►หนังสือทั่วไป
บนชั้น
4. การศึกษาทั่วไป
การศึกษาทั่วไป
QA278.3 อ755ก ฉ.3 
  Barcode: 009094
ห้องสมุดวิทยาเขตสวรรค์ประชารักษ์
►หนังสือทั่วไป
บนชั้น
5. การศึกษาทั่วไป
การศึกษาทั่วไป
QA278.3 อ755ก ฉ.4 
  Barcode: 009095
ห้องสมุดวิทยาเขตสวรรค์ประชารักษ์
►หนังสือทั่วไป
บนชั้น
6. การศึกษาทั่วไป
การศึกษาทั่วไป
QA278.3 อ755ก ฉ.5 
  Barcode: 009096
ห้องสมุดวิทยาเขตสวรรค์ประชารักษ์
►หนังสือทั่วไป
บนชั้น
7. การศึกษาทั่วไป
การศึกษาทั่วไป
QA278.3 อ755ก ฉ.6 
  Barcode: 009097
ห้องสมุดวิทยาเขตสวรรค์ประชารักษ์
►หนังสือทั่วไป
บนชั้น
8. การศึกษาทั่วไป
การศึกษาทั่วไป
QA278.3 อ755ก ฉ.7 
  Barcode: 009098
ห้องสมุดวิทยาเขตสวรรค์ประชารักษ์
►หนังสือทั่วไป
บนชั้น
9. การศึกษาทั่วไป
การศึกษาทั่วไป
QA278.3 อ755ก ฉ.8 
  Barcode: 009099
ห้องสมุดวิทยาเขตสวรรค์ประชารักษ์
►หนังสือทั่วไป
บนชั้น
10. การศึกษาทั่วไป
การศึกษาทั่วไป
QA278.3 อ755ก ฉ.9 
  Barcode: 009100
ห้องสมุดวิทยาเขตสวรรค์ประชารักษ์
►หนังสือทั่วไป
บนชั้น

รายการใกล้เคียง
    ผู้แต่ง [อิศรัฏฐ์ รินไธสง]

    หัวเรื่อง [Structural equation modeling]
    หัวเรื่อง [แบบจำลองสมการโครงสร้าง]

BibComment


ยังไม่เคยถูกคอมเมนท์

คอมเมนท์ทรัพยากรรายการนี้
  คอมเมนท์: การวิเคราะห์โมเด..


 Copyright 2026. Bcnsprnw @Library